[Event "Druga liga Srbije- Grupa Vojvodina 2014"]
[Site "Kac, hotel "]
[Date "2014.11.13"]
[Round "9.6"]
[White "Dimitrijevic, Nenad"]
[Black "Orlov, Konstantin"]
[Result "1/2-1/2"]
[WhiteElo "2246"]
[BlackElo "2224"]
[PlyCount "27"]
[EventDate "2014.11.08"]

1. e4 c5 2. Nf3 a6 3. d3 Nc6 4. g3 g6 5. Bg2 Bg7 6. O-O d6 7. c3 Nf6 8. Re1 O-O
9. d4 e5 10. dxe5 dxe5 11. Qc2 Qe7 12. Nbd2 b5 13. Nf1 Bb7 14. Bg5 1/2-1/2

[Event "Druga liga Srbije- Grupa Vojvodina 2014"]
[Site "Kac, hotel "]
[Date "2014.11.14"]
[Round "10.1"]
[White "Drazic, Sinisa"]
[Black "Simonyi, Zoltan"]
[Result "1-0"]
[WhiteElo "2429"]
[BlackElo "2282"]
[PlyCount "65"]
[EventDate "2014.11.08"]

1. d4 e6 2. e4 d5 3. Nc3 Nf6 4. Bg5 Be7 5. e5 Nfd7 6. h4 c5 7. Bxe7 Kxe7 8. f4
cxd4 9. Qxd4 Nc6 10. Qd2 Nc5 11. Bd3 Bd7 12. Nf3 Qb6 13. O-O-O Rac8 14. Kb1 Qa5
15. h5 h6 16. a3 Rhd8 17. f5 d4 18. f6+ Kf8 19. fxg7+ Kxg7 20. Rh4 Rh8 21. Qf4
Qd8 22. Nxd4 Nxd4 23. Qxd4 Qe7 24. Rg4+ Kf8 25. b4 Na4 26. Nxa4 Bxa4 27. Qxa7
Be8 28. Rf1 Qc7 29. Rc4 Qb8 30. Qxb8 Rxb8 31. Rf6 Bc6 32. Rcf4 Be8 33. Rxe6 1-0

[Event "Druga liga Srbije- Grupa Vojvodina 2014"]
[Site "Kac, hotel "]
[Date "2014.11.14"]
[Round "10.1"]
[White "Nagy, Attila N"]
[Black "Ljubisavljevic, Zivojin Z"]
[Result "1-0"]
[WhiteElo "2221"]
[BlackElo "2158"]
[PlyCount "75"]
[EventDate "2014.11.08"]

1. c4 e5 2. Nc3 f5 3. g3 Nf6 4. Bg2 Bb4 5. Qb3 Bxc3 6. bxc3 Nc6 7. Nf3 d6 8. d3
O-O 9. O-O Kh8 10. a4 a5 11. d4 e4 12. Ne1 Qe8 13. f3 b6 14. Nc2 Ne7 15. Na3
Be6 16. Qc2 Qg6 17. Bd2 Rae8 18. Rab1 Qh5 19. c5 bxc5 20. Rb5 Bd7 21. Rxa5 Nc6
22. Rb5 cxd4 23. fxe4 Ne5 24. cxd4 Neg4 25. h3 c5 26. e5 dxe5 27. Rxc5 e4 28.
Bf4 e3 29. Nc4 Nf2 30. Rxf2 exf2+ 31. Kxf2 Qf7 32. Nd6 Qe6 33. Nxe8 Rxe8 34.
Re5 Qf7 35. Rxe8+ Bxe8 36. Qc5 h6 37. a5 Ba4 38. Qb6 {dalje necitko...43 moves}
1-0

[Event "Druga liga Srbije- Grupa Vojvodina 2014"]
[Site "Kac, hotel "]
[Date "2014.11.14"]
[Round "10.1"]
[White "Dragojlovic, Andjelko"]
[Black "Vranic, Ljubomir"]
[Result "1-0"]
[WhiteElo "2290"]
[BlackElo "2187"]
[PlyCount "77"]
[EventDate "2014.11.08"]

1. e4 d6 2. d4 Nf6 3. Nc3 Nbd7 4. g3 c6 5. Bg2 e5 6. Nge2 Be7 7. O-O Nf8 8. h3
Ng6 9. a4 a5 10. f4 exf4 11. Nxf4 O-O 12. Be3 Re8 13. Qf3 Rf8 14. Rae1 Ne8 15.
Nxg6 hxg6 16. Kh2 Qb6 17. b3 Qb4 18. Bg1 Bg5 19. Nd1 Nc7 20. Nb2 Be6 21. Nd3
Qc3 22. Qd1 d5 23. Nc5 Bc8 24. Rf3 Qd2 25. Qb1 b6 26. Rd3 Qb4 27. c3 Qa3 28. h4
Bh6 29. exd5 cxd5 30. Re7 Ra7 31. Qe1 bxc5 32. dxc5 Bf5 33. Rxd5 Qxb3 34. Rd6
Qb8 35. c6 Ra8 36. Qe5 Re8 37. Bd4 Rxe7 38. Qxe7 Ne8 39. c7 1-0

[Event "Druga liga Srbije- Grupa Vojvodina 2014"]
[Site "Kac, hotel "]
[Date "2014.11.14"]
[Round "10.1"]
[White "Juhasz, Bencze"]
[Black "Jovic, Stevan"]
[Result "1-0"]
[WhiteElo "2145"]
[BlackElo "2273"]
[PlyCount "63"]
[EventDate "2014.11.08"]

1. e4 c6 2. d4 d5 3. e5 Bf5 4. Be3 e6 5. Nd2 Nd7 6. Be2 Ne7 7. Ngf3 a6 8. O-O
h6 9. c3 c5 10. dxc5 Nc6 11. Nd4 Bh7 12. f4 Nxc5 13. N2b3 Nxd4 14. Nxd4 Qd7 15.
Kh1 Be7 16. Qd2 Rc8 17. Rad1 Rc7 18. Qe1 Be4 19. Qg3 g6 20. c4 Qa4 21. cxd5
Bxd5 22. f5 Rg8 23. fxe6 Nxe6 24. Nf5 Qc6 25. Nxh6 Rg7 26. b3 Rh7 27. Bd3 Nf8
28. Rc1 Qd7 29. e6 Nxe6 30. Bxg6 Rxc1 31. Bxc1 Qb5 32. Bd3 1-0

[Event "Druga liga Srbije- Grupa Vojvodina 2014"]
[Site "Kac, hotel "]
[Date "2014.11.14"]
[Round "10.1"]
[White "Dimitrijevic, Nenad"]
[Black "Kaszas, Viktor"]
[Result "1-0"]
[WhiteElo "2246"]
[BlackElo "2039"]
[PlyCount "84"]
[EventDate "2014.11.08"]

1. e4 c5 2. Nf3 d6 3. Bb5+ Nd7 4. d4 cxd4 5. Qxd4 Ngf6 6. Nc3 e5 7. Qe3 a6 8.
Bc4 Be7 9. O-O O-O 10. a4 Qc7 11. Qe2 h6 12. Nh4 Nb6 13. Bb3 Kh7 14. a5 Nbd7
15. Nf5 Nc5 16. Nxe7 Qxe7 17. Nd5 Nxd5 18. Bxd5 Be6 19. Rd1 Bxd5 20. Rxd5 Rad8
21. b4 Ne6 22. Be3 Kg8 23. Rad1 Qh4 24. Qd3 Rfe8 25. h3 Nf4 26. Bxf4 Qxf4 27.
c4 Rc8 28. Rxd6 f5 29. Re1 fxe4 30. Rxe4 Qc1+ 31. Kh2 Qb2 32. Rg4 e4 33. Qd5+
Kh8 34. Rd7 Qf6 35. Rgxg7 Qxg7 36. Rxg7 Kxg7 37. Qxb7+ Kg8 38. Qxa6 Kg7 39. c5
Rcd8 40. c6 Rd6 41. Qb7+ Kf6 42. c7 Rd7 1-0

[Event "Druga liga Srbije- Grupa Vojvodina 2014"]
[Site "Kac, hotel "]
[Date "2014.11.14"]
[Round "10.2"]
[White "Kostic, Branimir"]
[Black "Roganovic, Nebojsa"]
[Result "1/2-1/2"]
[WhiteElo "2200"]
[BlackElo "2197"]
[PlyCount "20"]
[EventDate "2014.11.08"]

1. d4 d5 2. c4 c6 3. Nf3 Nf6 4. Nc3 g6 5. e3 Bg7 6. b3 O-O 7. Be2 Bg4 8. O-O
Bxf3 9. Bxf3 e6 10. Bd2 Nbd7 1/2-1/2

[Event "Druga liga Srbije- Grupa Vojvodina 2014"]
[Site "Kac, hotel "]
[Date "2014.11.14"]
[Round "10.3"]
[White "Indjic, Aleksandar"]
[Black "Bokros, Albert"]
[Result "1-0"]
[WhiteElo "2538"]
[BlackElo "2485"]
[PlyCount "99"]
[EventDate "2014.11.08"]

1. Nf3 b6 2. c4 Bb7 3. Nc3 e6 4. e4 c5 5. g3 d6 6. d4 cxd4 7. Nxd4 Nf6 8. Bg2
a6 9. O-O Qc7 10. Qe2 Be7 11. Be3 Nc6 12. Rac1 Nxd4 13. Bxd4 O-O 14. Rfd1 Nd7
15. b3 Rfe8 16. h4 Rac8 17. Bh3 Rcd8 18. h5 h6 19. Rc2 Qb8 20. Kh2 Bc6 21. Bg2
Bf8 22. Be3 Qb7 23. a4 Nf6 24. Bd4 Nd7 25. b4 Qb8 26. Rb1 Ba8 27. a5 d5 28.
cxd5 exd5 29. Qxa6 dxe4 30. axb6 Ne5 31. Nb5 Ng4+ 32. Kg1 Rxd4 33. Nxd4 Qe5 34.
Rd1 Bd5 35. Qb5 Qxh5 36. Qxe8 Nf6 37. Qxf8+ Kxf8 38. Ne2 Ng4 39. Rc8+ Ke7 40.
Nf4 Qh2+ 41. Kf1 Bb7 42. Rc7+ Kf6 43. Rxb7 e3 44. Nd5+ Kg6 45. Nxe3 Nxe3+ 46.
fxe3 Qxg3 47. Re7 Qh4 48. Rd6+ Kg5 49. Re5+ f5 50. Rd4 1-0

[Event "Druga liga Srbije- Grupa Vojvodina 2014"]
[Site "Kac, hotel "]
[Date "2014.11.14"]
[Round "10.3"]
[White "Somborski, Nebojsa"]
[Black "Vukic, Milan"]
[Result "1/2-1/2"]
[WhiteElo "2318"]
[BlackElo "2396"]
[PlyCount "38"]
[EventDate "2014.11.08"]

1. e4 c5 2. Nf3 e6 3. d4 cxd4 4. Nxd4 Nf6 5. Nc3 Nc6 6. Ndb5 d6 7. Bf4 e5 8.
Bg5 a6 9. Na3 b5 10. Nd5 Be7 11. Bxf6 Bxf6 12. c3 Ne7 13. Nc2 Nxd5 14. Qxd5 Rb8
15. Nb4 O-O 16. Qd3 Bb7 17. Be2 a5 18. Nd5 Bxd5 19. Qxd5 b4 1/2-1/2

[Event "Druga liga Srbije- Grupa Vojvodina 2014"]
[Site "Kac, hotel "]
[Date "2014.11.14"]
[Round "10.3"]
[White "Elez, Nikola"]
[Black "Bodiroga, Predrag"]
[Result "1/2-1/2"]
[WhiteElo "2168"]
[BlackElo "2358"]
[PlyCount "125"]
[EventDate "2014.11.08"]

1. e4 c6 2. Nc3 d5 3. Nf3 Bg4 4. h3 Bxf3 5. Qxf3 e6 6. Be2 Bc5 7. O-O Ne7 8.
Qg3 O-O 9. d3 Nd7 10. exd5 cxd5 11. Bf4 Nf5 12. Qh2 Nd4 13. Bd1 b5 14. Ne2
Nxe2+ 15. Bxe2 Qb6 16. Qg3 Rfe8 17. Bh6 Bf8 18. c3 Nf6 19. Be3 Bc5 20. Bh6 g6
21. d4 Bd6 22. Qd3 b4 23. cxb4 Bxb4 24. a3 Bd6 25. b4 Rec8 26. Rfc1 Ne4 27. Qb5
Nc3 28. Bf1 Be7 29. Be3 Bf6 30. Qd3 Ne4 31. Rab1 Nd6 32. Qd2 Qb7 33. Rxc8+ Rxc8
34. Rc1 Nc4 35. Bxc4 Rxc4 36. Rxc4 dxc4 37. Qe2 Qd5 38. Qf3 Qxf3 39. gxf3 Kf8
40. Kf1 a6 41. Ke2 Ke7 42. Kd2 Kd6 43. Kc3 Kd5 44. f4 Bd8 45. f3 Bb6 46. a4 f6
47. a5 Ba7 48. b5 axb5 49. Kb4 e5 50. fxe5 fxe5 51. Kxb5 exd4 52. Bg5 c3 53.
Kb4 Bc5+ 54. Kb3 Kc6 55. Kc4 Ba3 56. Kxd4 c2 57. Ke5 c1=Q 58. Bxc1 Bxc1 59. f4
h6 60. Kf6 Bxf4 61. Kxg6 Kb5 62. Kf5 Bd2 63. Kg4 1/2-1/2

[Event "Druga liga Srbije- Grupa Vojvodina 2014"]
[Site "Kac, hotel "]
[Date "2014.11.14"]
[Round "10.3"]
[White "Zobenica, Ivan"]
[Black "Perisic, Radivoj"]
[Result "0-1"]
[WhiteElo "2106"]
[BlackElo "2323"]
[PlyCount "90"]
[EventDate "2014.11.08"]

1. e4 c5 2. Nf3 d6 3. Bb5+ Nd7 4. O-O Ngf6 5. Re1 a6 6. Bxd7+ Nxd7 7. d4 g6 8.
Nc3 Bg7 9. Bg5 h6 10. Be3 b5 11. e5 b4 12. Nd5 O-O 13. exd6 exd6 14. Bf4 Bb7
15. Ne7+ Kh7 16. Bxd6 Qb6 17. dxc5 Nxc5 18. Be5 Rad8 19. Qe2 Ne4 20. c4 bxc3
21. bxc3 Bxe5 22. Nxe5 Rfe8 23. Rab1 Qc7 24. Rxb7 Qxb7 25. N7c6 Rd5 26. Qc4
Rdxe5 27. Nxe5 Rxe5 28. Qd4 Re6 29. h4 Qe7 30. g3 Nf6 31. Rb1 Re1+ 32. Rxe1
Qxe1+ 33. Kg2 Qe4+ 34. Qxe4 Nxe4 35. c4 Kg7 36. f3 Nc3 37. a3 Nb1 38. a4 Kf6
39. Kf2 Na3 40. c5 Ke5 41. Ke3 Kd5 42. Kf4 Nc4 43. g4 Kxc5 44. h5 Kb4 45. g5
hxg5+ 0-1

[Event "Druga liga Srbije- Grupa Vojvodina 2014"]
[Site "Kac, hotel "]
[Date "2014.11.14"]
[Round "10.3"]
[White "Strbac, Mladen"]
[Black "Indjic, Stefan"]
[Result "1-0"]
[WhiteElo "2298"]
[BlackElo "2080"]
[PlyCount "61"]
[EventDate "2014.11.08"]

1. e4 c5 2. Nf3 d6 3. d4 cxd4 4. Qxd4 Nc6 5. Bb5 Bd7 6. Bxc6 Bxc6 7. Nc3 Nf6 8.
Bg5 e6 9. O-O-O Be7 10. Qd3 Qa5 11. h4 Rc8 12. Nd4 a6 13. Kb1 Qc7 14. f4 O-O
15. Bxf6 Bxf6 16. g4 Rfd8 17. g5 Bxd4 18. Qxd4 Qa5 19. Rhf1 Qc5 20. Rd2 Kf8 21.
Qd3 b5 22. Ne2 b4 23. Nd4 a5 24. h5 Kg8 25. g6 Be8 26. Rg2 Qxh5 27. gxh7+ Kh8
28. Qg3 g6 29. f5 e5 30. Rh2 Qxh2 31. Qxh2 1-0

[Event "Druga liga Srbije- Grupa Vojvodina 2014"]
[Site "Kac, hotel "]
[Date "2014.11.14"]
[Round "10.4"]
[White "Stamenkovic, Aleksandar"]
[Black "Kokeza, Mirko"]
[Result "1-0"]
[WhiteElo "2284"]
[BlackElo "2265"]
[PlyCount "117"]
[EventDate "2014.11.08"]

1. d4 d5 2. c4 e5 3. dxe5 d4 4. Nf3 Nc6 5. a3 Nge7 6. e3 Bg4 7. Be2 d3 8. Qxd3
Qxd3 9. Bxd3 Bxf3 10. gxf3 Nxe5 11. Be2 g6 12. f4 Nd7 13. Bd2 Bg7 14. Bc3 O-O
15. Bxg7 Kxg7 16. Nc3 c6 17. O-O-O Rfd8 18. Kc2 a5 19. Na4 Nf6 20. Bf3 Nf5 21.
Nc3 Nh4 22. Be2 Kf8 23. Rxd8+ Rxd8 24. Rg1 Re8 25. h3 h6 26. Rd1 Ke7 27. Bd3
Rd8 28. b4 axb4 29. axb4 Ra8 30. Be2 Nd7 31. Rg1 Nf6 32. Rb1 Nd7 33. Rg1 Nf6
34. Kb2 h5 35. Kb3 b6 36. Na4 Rb8 37. Nc3 Ra8 38. Rd1 Rd8 39. Rxd8 Kxd8 40. Kc2
Kc7 41. Kd3 Nd7 42. Bf1 Nf5 43. e4 Ng7 44. h4 f5 45. f3 Nf8 46. b5 Nd7 47. bxc6
Kxc6 48. Nd5 Kd6 49. Bh3 Nc5+ 50. Kd4 Nge6+ 51. Ke3 Na4 52. exf5 gxf5 53. Bxf5
Ng7 54. Bc2 b5 55. cxb5 Kxd5 56. Bxa4 Nf5+ 57. Kf2 Kc5 58. Bc2 Ne7 59. Bd3 1-0

[Event "Druga liga Srbije- Grupa Vojvodina 2014"]
[Site "Kac, hotel "]
[Date "2014.11.14"]
[Round "10.4"]
[White "Kovacevic, Dragan"]
[Black "Vukovic, Miroslav R"]
[Result "1-0"]
[WhiteElo "2251"]
[BlackElo "2183"]
[PlyCount "75"]
[EventDate "2014.11.08"]

1. e4 c6 2. d3 d5 3. Nd2 e5 4. Ngf3 Bd6 5. Be2 Nf6 6. O-O O-O 7. c3 h6 8. a4 a5
9. Qc2 Bg4 10. Re1 Nbd7 11. Nf1 dxe4 12. dxe4 Be6 13. Ne3 Nb6 14. b3 Qe7 15.
Bd2 Nfd7 16. Rad1 Bc7 17. c4 Nc5 18. Bc3 Nbd7 19. Bf1 b6 20. g3 Rfe8 21. Nh4
Nf6 22. Bg2 Rad8 23. Nef5 Qf8 24. b4 Ncd7 25. bxa5 bxa5 26. Ne3 Nc5 27. Bb2
Rxd1 28. Rxd1 Rd8 29. Nf3 Rxd1+ 30. Qxd1 Qb8 31. Qc2 Nfd7 32. Nf5 Bd8 33. Bf1
f6 34. N3h4 Kh7 35. Bc1 g5 36. Qe2 Bf7 37. Ba3 gxh4 38. Qg4 1-0

[Event "Druga liga Srbije- Grupa Vojvodina 2014"]
[Site "Kac, hotel "]
[Date "2014.11.14"]
[Round "10.4"]
[White "Tomic, Vjekoslav"]
[Black "Kovacevic, Djordje"]
[Result "1-0"]
[WhiteElo "2237"]
[BlackElo "2122"]
[PlyCount "105"]
[EventDate "2014.11.08"]

1. e4 Nf6 2. e5 Nd5 3. c4 Nb6 4. d4 d6 5. exd6 exd6 6. Nc3 Be7 7. h3 Nc6 8. Nf3
O-O 9. Be2 Bf6 10. O-O Bf5 11. b3 Re8 12. Be3 h6 13. Bd3 Qd7 14. Qb1 Bxd3 15.
Qxd3 d5 16. c5 Nc8 17. Ne2 N8e7 18. Ng3 Nb4 19. Qd2 a5 20. a3 Nbc6 21. Qd3 Ng6
22. Nh5 Re6 23. Qf5 Bd8 24. Rae1 Nce7 25. Qg4 f5 26. Qg3 Nc6 27. Bxh6 gxh6 28.
Rxe6 Qxe6 29. Nf4 Qf7 30. Nxg6 Kh7 31. Nge5 Nxe5 32. Qxe5 c6 33. Re1 Bc7 34.
Qe7 Rf8 35. Qh4 Bd8 36. Qf4 Bc7 37. Ne5 Qg7 38. h4 Qf6 39. Re3 Rg8 40. Rf3 Bxe5
41. dxe5 Qg6 42. Qxf5 Qxf5 43. Rxf5 Kg7 44. Kf1 Re8 45. Ke2 Re7 46. Kd3 Kg6 47.
g4 Kg7 48. h5 Re6 49. f4 Kg8 50. Kd4 Kg7 51. g5 hxg5 52. fxg5 Re7 53. Rf6 1-0

[Event "Druga liga Srbije- Grupa Vojvodina 2014"]
[Site "Kac, hotel "]
[Date "2014.11.14"]
[Round "10.5"]
[White "Adamov, Ivan"]
[Black "Djurnic, Strahinja"]
[Result "1/2-1/2"]
[WhiteElo "1947"]
[BlackElo "2048"]
[PlyCount "20"]
[EventDate "2014.11.08"]

1. d4 d5 2. Bf4 Nf6 3. Nf3 Bf5 4. e3 e6 5. Bd3 Bxd3 6. Qxd3 Bd6 7. Bxd6 Qxd6 8.
O-O Nbd7 9. a4 O-O 10. Nbd2 c5 1/2-1/2

[Event "Druga liga Srbije- Grupa Vojvodina 2014"]
[Site "Kac, hotel "]
[Date "2014.11.14"]
[Round "10.6"]
[White "Vujadinovic, Goran"]
[Black "Robulj, Nenad"]
[Result "1/2-1/2"]
[WhiteElo "2346"]
[BlackElo "2329"]
[PlyCount "30"]
[EventDate "2014.11.08"]

1. Nf3 d5 2. g3 Nc6 3. Bg2 e5 4. d3 Nf6 5. c3 a5 6. O-O h6 7. Qc2 Bc5 8. Nxe5
Nxe5 9. d4 Bd6 10. dxe5 Bxe5 11. Nd2 O-O 12. Nf3 Bd6 13. Nd4 Re8 14. c4 dxc4
15. Qxc4 Qe7 1/2-1/2

[Event "Druga liga Srbije- Grupa Vojvodina 2014"]
[Site "Kac, hotel "]
[Date "2014.11.14"]
[Round "10.6"]
[White "Mastrapovic, Vladimir"]
[Black "Besedes, Danilo"]
[Result "1-0"]
[WhiteElo "2274"]
[BlackElo "2113"]
[PlyCount "97"]
[EventDate "2014.11.08"]

1. e4 c6 2. d4 d5 3. e5 c5 4. dxc5 Nc6 5. Bb5 e6 6. Qg4 h5 7. Qf4 Bxc5 8. c3
Nge7 9. Nf3 Qb6 10. Bd3 Nf5 11. O-O a5 12. a4 Bd7 13. Na3 Nce7 14. Nb5 Bxb5 15.
axb5 Qc7 16. Qa4 Kf8 17. b4 Bb6 18. Bd2 Ra7 19. Qb3 Kg8 20. bxa5 Rxa5 21. Rac1
Ra8 22. c4 dxc4 23. Bxc4 Qd7 24. Rfd1 Nd5 25. Bg5 Nfe7 26. Bxe7 Qxe7 27. Bxd5
exd5 28. Rxd5 Rh6 29. Qd3 Rg6 30. Rd6 Rxd6 31. exd6 Qf6 32. d7 Rd8 33. h4 Qb2
34. Rc2 Qb1+ 35. Kh2 g6 36. Ne5 Kg7 37. Qc4 Rf8 38. Nf3 Rd8 39. Qc3+ Kg8 40.
Re2 Qxb5 41. Re7 Kf8 42. Qf6 Qd5 43. Re8+ Rxe8 44. Qh8+ Ke7 45. dxe8=Q+ Kd6 46.
Qee5+ Qxe5+ 47. Qxe5+ Kd7 48. Qd5+ Kc8 49. Qxf7 1-0

[Event "Druga liga Srbije- Grupa Vojvodina 2014"]
[Site "Kac, hotel "]
[Date "2014.11.14"]
[Round "10.6"]
[White "Cvetkovic, Slavko"]
[Black "Bogic, Stevan"]
[Result "0-1"]
[WhiteElo "2217"]
[BlackElo "2199"]
[PlyCount "106"]
[EventDate "2014.11.08"]

1. d4 Nf6 2. Nf3 g6 3. c3 d6 4. Bf4 Nh5 5. Bg3 Nxg3 6. hxg3 Bg7 7. e3 Nd7 8.
Bc4 c6 9. Nbd2 d5 10. Bd3 e5 11. dxe5 Nxe5 12. Nxe5 Bxe5 13. Nf3 Bg7 14. Qc2
Bg4 15. Be2 Qa5 16. Nd4 Bd7 17. O-O O-O 18. Bf3 Rad8 19. Rfd1 Qb6 20. a4 a5 21.
Rd2 Rfe8 22. Rad1 Bh6 23. Qb3 Qc7 24. c4 c5 25. Nb5 Bxb5 26. Qxb5 d4 27. Qxb7
Qxb7 28. Bxb7 Rb8 29. Bc6 Re6 30. Bb5 dxe3 31. Rd8+ Rxd8 32. Rxd8+ Kg7 33. fxe3
Bxe3+ 34. Kh2 h5 35. Rd3 Bc1 36. Rd5 Be3 37. Rd3 Bd4 38. b3 g5 39. Bd7 Re1 40.
g4 Be5+ 41. g3 h4 42. Kg2 Bxg3 43. Bc6 Bf4 44. Kf2 Rb1 45. Bg2 Rb2+ 46. Kf1 Bg3
47. Bd5 f5 48. Bf3 Kf6 49. Be2 f4 50. Bf3 h3 51. Bc6 Ke6 52. Bd5+ Ke5 53. Bc6
h2 0-1

[Event "Druga liga Srbije- Grupa Vojvodina 2014"]
[Site "Kac, hotel "]
[Date "2014.11.14"]
[Round "10.6"]
[White "Markovic, Dragan M"]
[Black "Mitrovic, Zivadin"]
[Result "1/2-1/2"]
[WhiteElo "2017"]
[BlackElo "2186"]
[PlyCount "103"]
[EventDate "2014.11.08"]

1. e4 d5 2. exd5 Nf6 3. Nf3 Nxd5 4. d4 g6 5. c4 Nf6 6. Be2 Bg7 7. O-O O-O 8.
Nc3 c6 9. h3 Re8 10. Be3 Nbd7 11. Qd2 Qa5 12. a3 e5 13. b4 Qd8 14. d5 cxd5 15.
cxd5 Nb6 16. Bxb6 Qxb6 17. Rfd1 Bd7 18. Rac1 Rad8 19. Bc4 a6 20. Bb3 Qd6 21.
Re1 Bf5 22. Rcd1 h5 23. Na4 b6 24. Qe2 Bc8 25. Qe3 Nd7 26. Nd2 b5 27. Ne4 Qb8
28. Nac5 Nb6 29. Qf3 Nc4 30. d6 Bf5 31. d7 Rf8 32. g4 hxg4 33. hxg4 Bxe4 34.
Qxe4 Qc7 35. g5 a5 36. Kg2 Nd6 37. Qxg6 Nc4 38. Qh5 Qc6+ 39. Qf3 Qg6 40. Qg3
Qc6+ 41. f3 f5 42. Bxc4+ bxc4 43. Qh4 f4 44. Qg4 Rf7 45. Re4 axb4 46. axb4 c3
47. Rc4 Qg6 48. Rxc3 e4 49. Rc4 exf3+ 50. Kxf3 Qc6+ 51. Kf2 Bf8 52. Qf3 1/2-1/2

[Event "Druga liga Srbije- Grupa Vojvodina 2014"]
[Site "Kac, hotel "]
[Date "2014.11.15"]
[Round "11.3"]
[White "Indjic, Dusan"]
[Black "Veljkovic, Vojislav"]
[Result "1-0"]
[WhiteElo "2287"]
[BlackElo "2224"]
[PlyCount "64"]
[EventDate "2014.11.08"]

1. d4 Nf6 2. Nf3 g6 3. c4 Bg7 4. Nc3 d6 5. e4 O-O 6. Be2 e5 7. Be3 Nc6 8. d5
Ne7 9. Nd2 h6 10. b4 Nh7 11. f3 f5 12. c5 Bd7 13. Nc4 Nc8 14. O-O h5 15. Qb3 g5
16. Na5 b6 17. Nc6 Bxc6 18. dxc6+ Kh8 19. exf5 bxc5 20. bxc5 Ne7 21. g4 d5 22.
Rad1 d4 23. Ne4 Nxc6 24. Qa4 Nb8 25. c6 Qd5 26. Bxg5 hxg4 27. Bc4 Qxc6 28. Qxc6
Nxc6 29. Bd5 Nxg5 30. Nxg5 Nb4 31. Bxa8 Rxa8 32. fxg4 Nd5 1-0

[Event "Druga liga Srbije- Grupa Vojvodina 2014"]
[Site "Kac, hotel "]
[Date "2014.11.15"]
[Round "11.3"]
[White "Grujic, Zoran"]
[Black "Stamenkovic, Aleksandar"]
[Result "1/2-1/2"]
[WhiteElo "2322"]
[BlackElo "2284"]
[PlyCount "24"]
[EventDate "2014.11.08"]

1. c4 c6 2. Nc3 d5 3. d4 Nf6 4. e3 e6 5. Nf3 Nbd7 6. Qc2 Bd6 7. b3 O-O 8. Bb2
b6 9. Be2 Bb7 10. O-O Rc8 11. Rfd1 Qe7 12. Rac1 Ba3 1/2-1/2

[Event "Druga liga Srbije- Grupa Vojvodina 2014"]
[Site "Kac, hotel "]
[Date "2014.11.15"]
[Round "11.3"]
[White "Miljkovic, Bojan"]
[Black "Savanovic, Vuk"]
[Result "1/2-1/2"]
[WhiteElo "2238"]
[BlackElo "2292"]
[PlyCount "39"]
[EventDate "2014.11.08"]

1. Nf3 Nf6 2. c4 c5 3. g3 g6 4. Bg2 Bg7 5. O-O Nc6 6. d4 cxd4 7. Nxd4 Nxd4 8.
Qxd4 d6 9. Nc3 O-O 10. Qd3 a6 11. Bd2 Rb8 12. a4 Be6 13. Rac1 Qd7 14. Rfd1 Ng4
15. b3 Bf5 16. e4 Ne5 17. Qf1 Be6 18. Nd5 f5 19. f4 fxe4 20. Bxe4 1/2-1/2

[Event "Druga liga Srbije- Grupa Vojvodina 2014"]
[Site "Kac, hotel "]
[Date "2014.11.15"]
[Round "11.3"]
[White "Banovic, Ivan"]
[Black "Stanojevic, Branko"]
[Result "1/2-1/2"]
[WhiteElo "2226"]
[BlackElo "2247"]
[PlyCount "51"]
[EventDate "2014.11.08"]

1. d4 Nf6 2. c4 e6 3. Nc3 Bb4 4. Qc2 O-O 5. e4 d5 6. e5 Ne4 7. Bd3 c5 8. Nf3
cxd4 9. Nxd4 Nd7 10. Bf4 Ndc5 11. O-O Nxd3 12. Qxd3 Bxc3 13. bxc3 b6 14. cxd5
exd5 15. Rfd1 Bg4 16. f3 Nc5 17. Qd2 Bd7 18. Bg5 Qe8 19. Re1 Rc8 20. Bf6 h6 21.
Qf4 Kh7 22. Nf5 Bxf5 23. Qxf5+ Kh8 24. Qh5 Kh7 25. Qf5+ Kh8 26. Qh5 1/2-1/2

[Event "Druga liga Srbije- Grupa Vojvodina 2014"]
[Site "Kac, hotel "]
[Date "2014.11.15"]
[Round "11.3"]
[White "Kovacevic, Dragan"]
[Black "Krejic, Igor"]
[Result "1/2-1/2"]
[WhiteElo "2251"]
[BlackElo "2213"]
[PlyCount "46"]
[EventDate "2014.11.08"]

1. e4 e5 2. Nf3 Nf6 3. Nxe5 d6 4. Nc4 Nxe4 5. Qe2 Qe7 6. Ne3 c6 7. g3 g6 8. Bg2
Bg7 9. O-O O-O 10. Re1 Nf6 11. d4 d5 12. Nd2 Re8 13. c3 b6 14. Nf3 Ba6 15. Qd1
Qc7 16. Nc2 Nbd7 17. Bf4 Qd8 18. Nb4 Bb7 19. Qc2 Ne4 20. Nd3 Ndf6 21. Rad1 a5
22. b3 Nh5 23. Bc1 Qd6 1/2-1/2

[Event "Druga liga Srbije- Grupa Vojvodina 2014"]
[Site "Kac, hotel "]
[Date "2014.11.15"]
[Round "11.3"]
[White "Pavlik, Goran"]
[Black "Skoko, Milan"]
[Result "1-0"]
[WhiteElo "2195"]
[BlackElo "2199"]
[PlyCount "55"]
[EventDate "2014.11.08"]

1. g3 g6 2. Bg2 Bg7 3. d4 f5 4. Nf3 Nf6 5. O-O O-O 6. c4 d6 7. Nc3 Nc6 8. d5
Na5 9. Qa4 b6 10. Nd4 Bd7 11. Qc2 Rc8 12. Qd3 c5 13. dxc6 Nxc6 14. Bxc6 Bxc6
15. Ne6 Qd7 16. Nxf8 Kxf8 17. f3 h6 18. Bd2 g5 19. Rae1 e5 20. e4 f4 21. g4 Kf7
22. h3 Bf8 23. Rc1 h5 24. Qe2 Be7 25. Kg2 Bb7 26. Rfd1 Ba6 27. b3 Rh8 28. Rh1
1-0

[Event "Druga liga Srbije- Grupa Vojvodina 2014"]
[Site "Kac, hotel "]
[Date "2014.11.15"]
[Round "11.4"]
[White "Kokeza, Mirko"]
[Black "Somborski, Nebojsa"]
[Result "1/2-1/2"]
[WhiteElo "2265"]
[BlackElo "2318"]
[PlyCount "156"]
[EventDate "2014.11.08"]

1. d4 d5 2. c4 e6 3. Nc3 Be7 4. Nf3 Nf6 5. Bf4 O-O 6. e3 Nbd7 7. c5 Nh5 8. Bd3
Nxf4 9. exf4 b6 10. b4 a5 11. c6 Bxb4 12. Qc2 Nf6 13. O-O Bxc3 14. Qxc3 Qd6 15.
Ne5 Ba6 16. Bxa6 Rxa6 17. a4 Raa8 18. Qd3 g6 19. g4 Kg7 20. Kh1 Ng8 21. f5 f6
22. Nd7 Rfe8 23. Rac1 Qf4 24. fxg6 hxg6 25. Qg3 Qxg3 26. fxg3 Rad8 27. g5 fxg5
28. Rce1 Re7 29. Re5 Rf7 30. Rxf7+ Kxf7 31. Rxg5 Ne7 32. Ne5+ Kg7 33. h4 Rf8
34. g4 Kh6 35. Kg2 Rf4 36. Nf3 Nxc6 37. h5 gxh5 38. Rxh5+ Kg7 39. Kg3 Rf8 40.
Rg5+ Kf6 41. Rh5 Ke7 42. g5 Rg8 43. Rh7+ Kd6 44. Kg4 Ne7 45. Ne5 c5 46. Nf7+
Kd7 47. Ne5+ Ke8 48. Kh5 cxd4 49. g6 d3 50. Nxd3 Nxg6 51. Rb7 Ne7 52. Rxb6 Nf5
53. Rb8+ Kf7 54. Ne5+ Kg7 55. Rb7+ Kf6 56. Ng4+ Rxg4 57. Kxg4 Ke5 58. Ra7 Ne3+
59. Kf3 Nc4 60. Ra6 Kf5 61. Ke2 Ke5 62. Kd3 Nb2+ 63. Kc2 Nxa4 64. Rxa5 Nb6 65.
Ra6 Nd7 66. Rc6 d4 67. Rc7 Kd6 68. Rc8 Nc5 69. Rh8 Kd5 70. Rh5+ e5 71. Kd2 Ne6
72. Rf5 Ke4 73. Rf6 Nf4 74. Ra6 Kf3 75. Ra3+ Kf2 76. Ra4 Kf3 77. Ra3+ Kf2 78.
Ra4 Ne6 1/2-1/2

[Event "Druga liga Srbije- Grupa Vojvodina 2014"]
[Site "Kac, hotel "]
[Date "2014.11.15"]
[Round "11.4"]
[White "Bodiroga, Predrag"]
[Black "Markovic, Milovan"]
[Result "1-0"]
[WhiteElo "2358"]
[BlackElo "2259"]
[PlyCount "69"]
[EventDate "2014.11.08"]

1. d4 Nf6 2. c4 d6 3. Nf3 g6 4. Nc3 Bg7 5. e4 O-O 6. h3 Nc6 7. d5 Nb8 8. Bg5
Nbd7 9. Be2 Nc5 10. Qc2 a5 11. O-O e5 12. dxe6 Nxe6 13. Be3 Re8 14. Rfe1 Nd7
15. Rad1 b6 16. Nd5 Bb7 17. b3 h6 18. Bf1 Kh7 19. Bc1 c6 20. Nc3 Qc7 21. Ne2
Rad8 22. Ng3 c5 23. Ne2 Ne5 24. Nh2 Nc6 25. Nc3 Ncd4 26. Qd3 Be5 27. Ng4 h5 28.
Nxe5 dxe5 29. Nd5 Bxd5 30. exd5 Nf8 31. Bg5 Ra8 32. g4 hxg4 33. hxg4 Kg7 34.
Qh3 e4 35. Qh6+ 1-0